000 00670nam0a22002171 4500
001 RU\NLR\BIBL_A\022693707
005 20251228045256.0
035 _a(NLR Aleph) 022693707
090 _a13511068
_c13511068
100 _a20251223d1982 u y0rusy50 ca
101 0 _arus
102 _aRU
105 _ay z|||000zy
200 1 _aСОЛНЦЕ В ЗЕНИТЕ
_bВосточный альманах
_gСост. Т.П. Редько
_hВыпуск десятый
210 _aМ.
_cХудожественная литература
_d1982
215 _a615 с.
852 _aNLR
_bОЛСАА-сл-спр
_j2-2545
942 _cBOOK
980 1 _aSL_SPR
980 _aNB